Jungle tales / (Record no. 1716)

MARC details
000 -LEADER
fixed length control field 01923cam a2200481 a 4500
001 - CONTROL NUMBER
control field data
005 - DATE AND TIME OF LATEST TRANSACTION
control field 20260322212114.0
008 - FIXED-LENGTH DATA ELEMENTS--GENERAL INFORMATION
fixed length control field data
035 ## - SYSTEM CONTROL NUMBER
System control number 17782503
010 ## - LIBRARY OF CONGRESS CONTROL NUMBER
LC control number 2013900879
Canceled/invalid LC control number 2013371399
020 ## - INTERNATIONAL STANDARD BOOK NUMBER
International Standard Book Number 9780615708072
020 ## - INTERNATIONAL STANDARD BOOK NUMBER
International Standard Book Number 0615708072
035 ## - SYSTEM CONTROL NUMBER
System control number (OCoLC)828768314
037 ## - SOURCE OF ACQUISITION
Source of stock number/acquisition QBI
040 ## - CATALOGING SOURCE
Original cataloging agency QBX
Language of cataloging eng
Transcribing agency QBX
Modifying agency DLC
-- OCLCQ
-- OCLCF
-- DLC
041 1# - LANGUAGE CODE
Language code of text/sound track or separate title eng
Language code of original spa
050 00 - LIBRARY OF CONGRESS CALL NUMBER
Classification number PZ76.3
Item number .Q5 2012
082 04 - DEWEY DECIMAL CLASSIFICATION NUMBER
Classification number [Fic]
Edition information 23
100 1# - MAIN ENTRY--PERSONAL NAME
Personal name Quiroga, Horacio,
Dates associated with a name 1878-1937.
240 10 - UNIFORM TITLE
Uniform title Cuentos de la selva.
Language of a work English
245 10 - TITLE STATEMENT
Title Jungle tales /
Statement of responsibility, etc. Horacio Quiroga ; translated by Jeff Zorrilla ; illustrations by Bert Van Wijk.
250 ## - EDITION STATEMENT
Edition statement English language ed.
260 ## - PUBLICATION, DISTRIBUTION, ETC.
Place of publication, distribution, etc. [New York] :
Name of publisher, distributor, etc. Jungle Tales,
Date of publication, distribution, etc. [2012]
300 ## - PHYSICAL DESCRIPTION
Extent 87 pages :
Other physical details color illustrations ;
Dimensions 24 cm
336 ## - CONTENT TYPE
Content type term text
Content type code txt
Source rdacontent
337 ## - MEDIA TYPE
Media type term unmediated
Media type code n
Source rdamedia
338 ## - CARRIER TYPE
Carrier type term volume
Carrier type code nc
Source rdacarrier
505 0# - FORMATTED CONTENTS NOTE
Formatted contents note The giant tortoise -- The flamingos' stockings -- The bald parrot -- The alligator war -- The blind doe -- The story of two coati cubs and two man cubs -- The Yabebiri ford -- The lazy bee.
520 ## - SUMMARY, ETC.
Summary, etc. Explores the lives of animals in the jungles of northern Argentina.
650 #0 - SUBJECT ADDED ENTRY--TOPICAL TERM
Topical term or geographic name entry element Animals
Form subdivision Juvenile fiction.
650 #1 - SUBJECT ADDED ENTRY--TOPICAL TERM
Topical term or geographic name entry element Animals
Form subdivision Fiction.
650 #7 - SUBJECT ADDED ENTRY--TOPICAL TERM
Topical term or geographic name entry element Animals.
Source of heading or term fast
Authority record control number or standard number (OCoLC)fst00809468
655 #7 - INDEX TERM--GENRE/FORM
Genre/form data or focus term Fiction.
Source of term fast
Authority record control number or standard number (OCoLC)fst01423787
655 #7 - INDEX TERM--GENRE/FORM
Genre/form data or focus term Juvenile works.
Source of term fast
Authority record control number or standard number (OCoLC)fst01411637
655 #7 - INDEX TERM--GENRE/FORM
Genre/form data or focus term Fiction.
Source of term lcgft
Authority record control number or standard number https://id.loc.gov/authorities/genreForms/gf2014026339
655 #7 - INDEX TERM--GENRE/FORM
Genre/form data or focus term Fiction.
Source of term lcgft
Authority record control number or standard number https://id.loc.gov/authorities/genreForms/gf2014026339
700 1# - ADDED ENTRY--PERSONAL NAME
Personal name Zorrilla, Jeff,
Relator term translator.
700 1# - ADDED ENTRY--PERSONAL NAME
Personal name Van Wijk, Bert,
Relator term illustrator.
906 ## - LOCAL DATA ELEMENT F, LDF (RLIN)
a 7
b cbc
c origres
d 2
e epcn
f 20
g y-gencatlg
925 0# -
-- acquire
-- 1 shelf copy
-- policy default
Holdings
Withdrawn status Lost status Damaged status Not for loan Home library Current library Shelving location Date acquired Total checkouts Full call number Barcode Date last seen Price effective from Koha item type
        Fairview Fairview General stacks 22/03/2026   [Fic] LOC-FPL-00001 22/03/2026 22/03/2026 Books